| 000 | 00959nam a2200229 a 4500 | ||
|---|---|---|---|
| 001 | BRCA_1420 | ||
| 005 | 20190320203423.0 | ||
| 008 | 880617s1989 nyua---##b---#001-0#eng-# | ||
| 020 | _a0890131937 | ||
| 050 | 4 |
_aNK607 _b.G53 1989 |
|
| 100 | 1 |
_aGlassie, Henry H. _94641 |
|
| 245 | 1 | 0 |
_aThe Spirit of Folk Art _bthe Girard Collection at the Museum of International Folk Art _cHenry Glassie ; color photography by Michel Monteaux ; black-and-white photography and drawings by Henry Glassie. |
| 260 |
_aNueva York _bHarry N. Abrams : Santa Fe : Museum of New Mexico _c1989 |
||
| 300 |
_a276 p. _bil. (algunas a color) _c27 cm. |
||
| 500 | _aIncluye índice alfabético de ilustraciones | ||
| 504 | _aBibliografía: p. 265-269 | ||
| 600 | 1 | 4 |
_aGirard, Alexander _xColecciones de arte _94642 |
| 610 | 2 | 4 |
_aMuseo Internacional de Arte Popular _vExposiciones _94643 |
| 650 | 1 | 4 |
_aArte popular _vExposiciones _94223 |
| 700 | 1 |
_aMonteaux, Michel _94644 |
|
| 942 |
_2lcc _cB |
||
| 999 |
_c1282 _d1282 |
||